LIBRARY & INFORMATION CENTRE, KCAET, TAVANUR

ONLINE PUBLIC ACCESS CATALOGUE (OPAC)

Practical non-violence : Land ideology of non-violence / (Record no. 2343)

MARC details
000 -LEADER
fixed length control field 00443cam a2200169ua 4500
041 ## - LANGUAGE CODE
Language code of text/sound track or separate title eng
082 ## - DEWEY DECIMAL CLASSIFICATION NUMBER
Classification number 320.58
Item number MAS/PR
100 ## - MAIN ENTRY--AUTHOR NAME
Personal name Mashruwala, K.G .
245 ## - TITLE STATEMENT
Title Practical non-violence : Land ideology of non-violence /
260 ## - PUBLICATION, DISTRIBUTION, ETC. (IMPRINT)
Place of publication :
Name of publisher Navajivan publishing house ,
Year of publication 1958.
300 ## - PHYSICAL DESCRIPTION
Number of Pages 47 ; .
942 ## - ADDED ENTRY ELEMENTS (KOHA)
Koha item type Books
Holdings
Withdrawn status Lost status Damaged status Home library Current library Date acquired Full call number Accession Number Koha item type
Withdrawn     KAUAET Sanskrit University 07/04/2012 320.58 2397 Books
free website counter